Ingeniería Mecánica: Estática. Para cursos con enfoque por competencias
Uloženo v:
| Hlavní autor: | |
|---|---|
| Médium: | Kniha |
| Jazyk: | španělština |
| Vydáno: |
Cuernavaca
Pearson Educación
2014
|
| Vydání: | 1a. ed |
| Témata: | |
| Tagy: |
Přidat tag
Žádné tagy, Buďte první, kdo vytvoří štítek k tomuto záznamu!
|
MARC
| LEADER | 00000cam a2200000 a 4500 | ||
|---|---|---|---|
| 001 | UCD7112 | ||
| 003 | CL-VaPUC | ||
| 008 | 170309e20140000mx |||||||||||||||||spa|d | ||
| 020 | |a 9786073225090 | ||
| 082 | 0 | 4 | |a 620.1 |b HIB |2 21 |
| 100 | |a Hibbeler, Russell C |e author |9 591026 | ||
| 245 | 1 | 0 | |a Ingeniería Mecánica: Estática. Para cursos con enfoque por competencias |
| 250 | |a 1a. ed | ||
| 300 | |a 432 p | ||
| 942 | |c BK | ||
| 945 | |d 20170309 22:28:00 |a dcastane | ||
| 260 | |a Cuernavaca |b Pearson Educación |c 2014 | ||
| 650 | 0 | |a Ingeniería mecánica |9 262089 | |
| 650 | 0 | |a Estática |9 260452 | |
| 650 | 0 | |a Fuerza |9 345825 | |
| 650 | 0 | |a Propiedades mecánicas |9 262507 | |
| 583 | |a last modification |c 20170309 22:28:00 |k Rodrigo Vera | ||
| 999 | |c 367224 |d 367222 | ||
| 952 | |0 0 |1 0 |2 ddc |3 erb |4 0 |6 620_100000000000000_HIB_2014 |7 0 |8 A |9 481974 |a BIBING |b BIBING |c RES |i 5364175 |l 2 |o 620.1 HIB 2014 |p 5364175 |r 2025-01-20 |s 2024-08-30 |w 2019-11-24 |y BK |z Catalogado en:20170309 |k CIC | ||
| 952 | |0 0 |1 0 |2 ddc |3 erb |4 0 |6 620_100000000000000_HIB_2014 |7 0 |8 A |9 481975 |a BIBING |b BIBING |c RES |i 5364167 |l 2 |o 620.1 HIB 2014 |p 5364167 |r 2025-01-20 |s 2022-06-06 |w 2019-11-24 |y BK |z Catalogado en:20170309 |k CIC | ||